| 000 | 01202nam a2200241 i 4500 | ||
|---|---|---|---|
| 001 | 153904 | ||
| 003 | ES-MaACL | ||
| 005 | 20250713063716.0 | ||
| 008 | 990223s1890 sp |||| | spa d | ||
| 040 |
_aCCPB | B _bspa _cCCPB | B |
||
| 080 | _a626.82:351.712(460) | ||
| 080 | _a627.81:351.712(460) | ||
| 100 | 1 |
_aLlauradó, Andrés, _d1840-1899 _9129002 |
|
| 245 | 1 | 0 |
_aProyecto de ley de auxilios a los canales y pantanos de riego y exposición de motivos de la ley / _cpor Andrés Llauradó. |
| 260 |
_aMadrid : _b[s.n.], _c1890 ( _fImprenta de Ramón y Ricardo Rojas) |
||
| 300 |
_a58 p. ; _c24 cm. |
||
| 530 | _aDisponible también en sito web. | ||
| 650 | 4 |
_aEmbalses- _zEspaña. _9149411 |
|
| 852 |
_aES-MaACL _jT-666-F-4 _z-- Enc. hol., conservando la cub. original _z-- An. ms.: ded. del autor a Manuel Sáenz Díez _z-- Enc. en un vol. facticio |
||
| 852 |
_aES-MaACL _jT-1291-F-8 _z-- Enc. hol., conservando la cub. original _z-- An. ms.: ded. del autor a Laureano Figuerola _z-- Enc. en un vol. facticio |
||
| 856 |
_uhttp://bibliotecadigitalhispanica.bne.es:80/webclient/DeliveryManager?pid=1840657&custom_att_2=simple_viewer _zIr a la página |
||
| 999 |
_c153904 _d153904 |
||